000 00325 a2200145 4500
001 49229
040 _cAnchieta - Bela Vista
100 _aMachado, José Leon
240 1 0 _aA bruxa e o caldeirão
_lpor
245 1 0 _aA bruxa e o caldeirão
300 _a10
362 0 _a2003
650 4 _aLiteratura infantil
942 _cBK
999 _c49229
_d49229